• Lelli Gino, Sorcinelli Andrea

di Personal Name

Records bibliografici associati: 4

001 - CONTROL NUMBER

  • control field: 57774

003 - CONTROL NUMBER IDENTIFIER

  • control field:

005 - DATE AND TIME OF LATEST TRANSACTION

  • control field: 20190405115815.0

008 - FIXED-LENGTH DATA ELEMENTS

  • fixed length control field: 190405|| aca||aabn | a|a d

040 ## - CATALOGING SOURCE

  • Original cataloging agency:
  • Transcribing agency:

100 ## - HEADING--PERSONAL NAME

  • Personal name: Lelli Gino, Sorcinelli Andrea

670 ## - SOURCE DATA FOUND

  • Source citation: Work cat.: (): Lelli Gino, Sorcinelli Andrea, Reati dei minri: Mettere alla prova, ovvero progetti di socio-educazione, 2018
CREDITS: SOCIETA' SAN PAOLO Via A.Severo, 58 - ROMA (RM) & PERIODICI SAN PAOLO SRL Via Giotto, 36 MILANO & CISF Via Giotto, 36 MILANO & EDIZIONI SAN PAOLO SRL,  Piazza Soncino, 5 CINISELLO BALSAMO (MI) -- ITALY